Statistics for European Countries by Picture

Click here to take the quiz!

General Stats

  • This quiz has been taken 219 times
  • The average score is 23 of 45

Answer Stats

Answer % Correct
Greece
98%
United Kingdom
96%
Italy
93%
Spain
93%
France
85%
Netherlands
83%
Denmark
76%
Russia
76%
Croatia
73%
Switzerland
72%
Norway
70%
Vatican City
70%
Iceland
68%
Hungary
67%
Ireland
67%
Belgium
66%
Monaco
65%
Czech Republic
64%
Austria
62%
Germany
62%
Portugal
57%
Sweden
51%
Bosnia and Herzegovina
48%
San Marino
47%
Ukraine
44%
Bulgaria
43%
Malta
41%
Belarus
41%
Estonia
36%
Romania
34%
Slovakia
33%
Slovenia
32%
Finland
32%
Serbia
29%
Poland
26%
Latvia
25%
Luxembourg
24%
Lithuania
22%
Montenegro
21%
Kosovo
21%
Liechtenstein
19%
Albania
18%
Andorra
18%
Macedonia
15%
Moldova
12%

Score Distribution

Percentile by Number Answered

Percent of People with Each Score

Your Score History

You have not taken this quiz